000 00554nam a2200229Ia 4500
003 ARRUPE
005 20140327112352.0
008 130303s9999 xx 000 0 und d
020 _a0060129387
040 _cARRUPELIB
050 _aHM271.M47
100 _aMilgram, Stanley
_99357
245 _aObedience to authority
245 _ban experimental view
260 _aNew York
260 _bHarper and Row
300 _aix
300 _b 224p. 24cm.
650 _bPragmatics
_99358
650 _cLinguistics
_99359
942 _2lcc
_cMONOGRAPH
999 _c67142
_d67142